banner-ar

المجمع المصرى للثقافة العلمية: الكتاب السنوى الخامس مجموعة المحاضرات التى القيت فى مؤتمر المجمع 1934 / (Record no. 50613)

MARC details
000 -الفاتح
حقل البيانات ثابتة الطول 00884nam a2200229Ia 4500
008 - عناصر البيانات ثابتة الطول - معلومات عامة
حقل البيانات ثابتة الطول 140319s9999 xx 000 0 ara d
040 ## - مصدر الفهرسة
وكالة الفهرسة الأصلية GCL /
وكالة النسخ GCL
082 04 - رقم تصنيف ديوى العشرى
رقم التصنيف 301.2
رقم المادة م م
100 1# - المدخل الرئيسى - إسم شخصى
الإسم الشخصى مطبعة دار الكتب المصرية
245 10 - بيان العنوان
العنوان المجمع المصرى للثقافة العلمية: الكتاب السنوى الخامس مجموعة المحاضرات التى القيت فى مؤتمر المجمع 1934 /
بيان المسئوليه,etc مطبعة دار الكتب المصرية
300 ## - الوصف المادى
التعداد 184 ص
490 ## - بيان السلسلة
عنوان السلسلة الهيئة العامة للاستعلامات
رقم المجلد/ التعيين التسلسلي 0
650 04 - المدخل الاضافى بالموضوع-مصطلح موضوعى
مصطلح موضوعي سيوة
650 04 - المدخل الاضافى بالموضوع-مصطلح موضوعى
مصطلح موضوعي الكلاب
650 04 - المدخل الاضافى بالموضوع-مصطلح موضوعى
مصطلح موضوعي الاحجار الكريمة
650 04 - المدخل الاضافى بالموضوع-مصطلح موضوعى
مصطلح موضوعي الرى - مصر
650 04 - المدخل الاضافى بالموضوع-مصطلح موضوعى
مصطلح موضوعي الثروة المعدنية - مصر
650 04 - المدخل الاضافى بالموضوع-مصطلح موضوعى
مصطلح موضوعي الكلاب - امراض
650 04 - المدخل الاضافى بالموضوع-مصطلح موضوعى
مصطلح موضوعي الاثار - التنقيب عن
942 ## - عناصر المدخل الإضافي( كوها)
مصدر التصنيف او مخطط الترفيف Dewey Decimal Classification
Koha [default] item type كتاب
Holdings
حالة التراجع حالة الفقد حالة تلف ليس للاعارة المكان المؤقت الموقع الحالى تاريخ الاكتساب اجمالي اﻻعارات رقم الطلب الباركود تاريخ اخر مشاهدة تاريخ تفعيل السعر نوع وعاء كوها
        مكتبة القاهرة الكبرى مكتبة القاهرة الكبرى 03/26/2014   301.2\م م 121439 03/26/2014 03/26/2014 كتاب

Powered By

EGPV